Championnats du monde 100m sprint - Statistiques

Statistiques générales
  • Ce quiz a été pris 54 fois
  • Le résultat moyen est 20 sur 57
Statistiques - réponses
Réponse Hint % Correct
Usain Bolt 9.58
100%
Usain Bolt 9.77
100%
Usain Bolt 9.79
100%
Usain Bolt 9.95
100%
Noah Lyles 9.83
80%
Justin Gatlin 9.88
71%
Justin Gatlin 9.85
71%
Justin Gatlin 9.80
71%
Justin Gatlin 9.92
71%
Justin Gatlin 9.86
71%
Asafa Powell 9.96
69%
Asafa Powell 9.84
69%
Tyson Gay 9.85
69%
Tyson Gay 9.71
69%
Yohan Blake 9.92
64%
Carl Lewis 10.07
60%
Carl Lewis 9.93
60%
Carl Lewis 9.86
60%
Andre De Grasse 9.92
38%
Andre De Grasse 9.90
38%
Christian Coleman 9.94
38%
Christian Coleman 9.76
38%
Letsile Tebogo 9.88
36%
Fred Kerley 9.86
31%
Maurice Greene 9.86
29%
Maurice Greene 9.80
29%
Maurice Greene 9.82
29%
Donovan Bailey 9.97
24%
Donovan Bailey 9.91
24%
Linford Christie 10.14
22%
Linford Christie 9.87
22%
Ato Boldon 10.03
20%
Ato Boldon 9.98
20%
Nesta Carter 9.95
20%
Walter Dix 10.08
18%
Kim Collins 10.07
16%
Kim Collins 10.05
16%
Kim Collins 10.09
16%
Trayvon Bromell 9.88
16%
Zharnel Hughes 9.88
13%
Dwain Chambers 9.97
11%
Dennis Mitchell 9.91
9%
Dennis Mitchell 9.99
9%
Leroy Burrell 9.88
9%
Tim Montgomery 9.94
9%
Calvin Smith 10.21
7%
Darrel Brown 10.08
7%
Andre Cason 9.92
4%
Bruny Surin 10.03
4%
Bruny Surin 9.84
4%
Marvin Bracy 9.88
4%
Michael Frater 10.05
4%
Darren Campbell 10.08
2%
Derrick Atkins 9.91
2%
Emmit King 10.24
2%
Bernard Williams 9.94
0%
Raymond Stewart 10.08
0%
Aucun quiz correspondant
Distribution des résultats
% des personnes avec chaque résultat
Percentile par nombre de réponses
Votre historique - résultats
Vous n’avez pas pris ce quiz